Olovený akumulátorový odpad z hľadiska výrobcu akumulátorov

Bibliographic Details
Main Author: Cengel, Juraj (Author)
Format: Article
Language:Slovak
Subjects:

MARC

LEADER 00000nab a2200000 a 4500
001 vtls000272345
003 SK-MaSNL
005 20260302213704.0
008 111202c1985 xo 0 slo
015 |a SNBRA19rr/mm-uuuuu 
035 |a CL0282459 
040 |a SNKBUCL  |b slo  |c SNKBUCL  |e AACR2 
041 0 |a slo 
044 |a xo  |c SK 
080 |a 669.43.054.8:621.355.2  |2 1981 
080 |a 621.355.2  |2 1981 
100 1 |a Cengel, Juraj  |4 aut  |9 940015 
245 1 0 |a Olovený akumulátorový odpad z hľadiska výrobcu akumulátorov  |c Juraj Cengel 
650 0 7 |a olovené akumulátory  |2 SNKPH  |9 113640 
650 0 7 |a odpad  |2 SNKPH  |9 14223 
655 7 |a články zo zborníkov  |2 SNKPH  |9 166140 
773 0 |t Využitie kovonosných surovín  |d Banská Bystrica : Dom techniky ČSVTS, 1985 
850 |a Slovenská národná knižnica v Martine  |a MTA001 
852 |a SNK  |b KIS3GCP 
958 |a RK 
992 |a RZB 
999 |c 1494549  |d 1496479